Normal view
MARC view
- جامعة عجلون الوطنية/كلية ادارة الاعمال
Entry Personal Name
001 - CONTROL NUMBER
- control field: 59874
003 - CONTROL NUMBER IDENTIFIER
- control field: JO-AjAnu
005 - DATE AND TIME OF LATEST TRANSACTION
- control field: 20230606083804.0
008 - FIXED-LENGTH DATA ELEMENTS
- fixed length control field: 230606|| aca||aabn | a|a d
040 ## - CATALOGING SOURCE
- Original cataloging agency: JO-AjAnu
- Transcribing agency: JO-AjAnu
100 ## - HEADING--PERSONAL NAME
- Personal name: جامعة عجلون الوطنية/كلية ادارة الاعمال
670 ## - SOURCE DATA FOUND
- Source citation: Work cat.: (JO-AjAnu)30534: جامعة عجلون الوطنية/كلية ادارة الاعمال, author, المؤتمر العلمي الدولي المحكم الرابع: المشروعات الصغيرة - التنمية - التمكين - التحديات، ج3